[Event "EU-ch 8th"]
[Site "Dresden"]
[Date "2007.04.12"]
[Round "9"]
[White "Johansen, Paul Arne"]
[Black "Bruned, Boris"]
[Result "0-1"]
[WhiteElo "2108"]
[BlackElo "2194"]
[PlyCount "70"]
[EventDate "2007.04.03"]
[EventType "swiss"]
[EventRounds "11"]
[EventCountry "GER"]
[SourceTitle "CBM 118"]
[Source "ChessBase"]
[SourceDate "2007.05.31"]
[SourceVersion "1"]
[SourceVersionDate "2007.05.31"]
[SourceQuality "1"]

1. a3 Nf6 2. Nf3 e6 3. d4 b6 4. Nc3 Bb7 5. Bg5 d5 6. e3 Be7 7. Ne5 Ne4 8. Bxe7 Qxe7 9. Nxe4 dxe4 10. Nc4 0-0 11. c3 Nd7 12. Nd2 e5 13. Bc4 c5 14. dxc5 Nxc5 15. 0-0 Rad8 16. Qc2 Rd6 17. Rad1 Rfd8 18. Nb3 Nd3 19. Rd2 Bc6 20. Qb1 Qg5 21. g3 Qh6 22. Bxd3 exd3 23. f4 Qe6 24. Qd1 exf4 25. Rxf4 Qxe3+ 26. Rdf2 Rg6 27. Qd2 Rxg3+ 28. hxg3 Qxg3+ 29. Kf1 Re8 30. Nd4 Qh3+ 31. Rg2 Bxg2+ 32. Qxg2 Qe3 33. Qf3 d2 34. Rxf7 Qxf3+ 35. Rxf3 d1Q+ 0-1

[Event "EU-ch 8th"]
[Site "Dresden"]
[Date "2007.04.03"]
[Round "1"]
[White "David, Alberto"]
[Black "Johansen, Paul Arne"]
[Result "1-0"]
[WhiteElo "2525"]
[BlackElo "2108"]
[PlyCount "58"]
[EventDate "2007.04.03"]
[EventType "swiss"]
[EventRounds "11"]
[EventCountry "GER"]
[SourceTitle "CBM 118"]
[Source "ChessBase"]
[SourceDate "2007.05.31"]
[SourceVersion "1"]
[SourceVersionDate "2007.05.31"]
[SourceQuality "1"]

1. e4 e6 2. d4 d5 3. Nc3 Nf6 4. e5 Nfd7 5. f4 a6 6. Nf3 c5 7. Be3 cxd4 8. Nxd4 Nc6 9. Qg4 Nxd4 10. Bxd4 f5 11. exf6 Nxf6 12. Qg3 Qc7 13. Be5 Qf7 14. 0-0-0 Bd7 15. f5 Be7 16. fxe6 Bxe6 17. Bd3 0-0 18. Rhf1 Rac8 19. Rde1 Rc6 20. Ne2 Kh8 21. Nd4 Rb6 22. Bc7 Rc6 23. Nxc6 bxc6 24. Bd6 Re8 25. Bxe7 Qxe7 26. Bf5 Qd7 27. Rxe6 Rxe6 28. Qh3 Qb7 29. Bxe6 Qb5 1-0

[Event "Kragero op"]
[Site "Kragero"]
[Date "2005.11.20"]
[Round "4"]
[White "Johansen, Paul Arne"]
[Black "Forberg, Anders"]
[Result "1-0"]
[WhiteElo "1937"]
[BlackElo "2031"]
[PlyCount "92"]
[EventDate "2005.11.18"]
[EventType "swiss"]
[EventRounds "5"]
[EventCountry "NOR"]
[SourceTitle "CBM 109 Extra"]
[Source "ChessBase"]
[SourceDate "2006.01.03"]
[SourceVersion "2"]
[SourceVersionDate "2006.01.03"]
[SourceQuality "1"]

1. g3 g6 2. Bg2 Bg7 3. c4 e5 4. Nc3 Nc6 5. d3 d6 6. Nf3 Be6 7. 0-0 h6 8. Rb1 Qd7 9. Nd5 Nd8 10. e4 c6 11. Ne3 Ne7 12. d4 exd4 13. Nxd4 Bh3 14. Ndf5 Bxf5 15. exf5 h5 16. Qf3 gxf5 17. Bh3 Ne6 18. Nxf5 Be5 19. Be3 0-0-0 20. Nxd6+ Qxd6 21. Qxf7 Kb8 22. Qxe6 h4 23. Qxd6+ Bxd6 24. Kg2 Rh7 25. Rbd1 Kc7 26. c5 Be5 27. Rxd8 Kxd8 28. Rd1+ Ke8 29. Bd4 Bc7 30. Bf6 Nd5 31. Bxh4 Nf4+ 32. gxf4 Rxh4 33. Rd7 Bxf4 34. Rxb7 Rh6 35. Bd7+ Kd8 36. h3 Bc7 37. Bg4 Be5 38. b3 a5 39. Ra7 Bc3 40. Rd7+ Ke8 41. Rd6 Rxd6 42. cxd6 Kf7 43. f4 Kg6 44. Kf3 Bb4 45. d7 Be7 46. Ke4 Kf7 1-0